000 00827nam a2200289I 4500
001 42633
003 (BD-RJUL)
005 20211209053552.0
008 160614s1974 eng u
035 _a(BD-RJUL) 42751
035 _a(OCoLC)01347178
035 _aGLIS00021214
040 _cGSU
_dMYG
_aBD-RjUL
_beng
041 _aeng
082 _223
_a330.9
_bDAE 1974
090 _aHD82
_b.D2
099 _aHD82.D2
100 1 _aDasgupta, Ajit K.
_9131062
245 1 0 _aEconomic theory and the developing countries /
_cAjit K. Dasgupta.
260 _aNew York :
_bSt. Martin's Press,
_c1974.
300 _avii, 132 p. ;
_c22 cm.
500 _aIncludes index.
504 _aBibliography: p. [120]-128.
650 0 _aEconomic development.
_9131063
651 0 _aDeveloping countries.
_9131064
942 _2ddc
_cBK
999 _c42633
_d42633